00707nam a2200181Ia 4500008004100000020001800041082002400059100002000083245010500103250000600208260002300214300001100237500007000248650003100318700004900349952011000398999001700508120622s9999 xx 000 0 und d a968-24-3684-2 aC 330.03 B219d 1990 aBannock, Graham aDiccionario de economía / Graham Bannock, R. E. Baxter, Ray Rees ; tr. Leticia Ofelia Borja Aburto a2 aMéxico : Trillas a394 p. aIncluye bibliografía \ Traducción de: Dictionary of economics a1. ECONOMIA - DICCIONARIOS aBaxter, R. E., coaut. \ Rees, Ray, coaut.Ì 00104070a01b01d2007-01-25l7oC 330.03 B219D 1990p01 007818r2018-10-02s2018-10-02w2012-06-24yLB c54878d54878